El escepticismo en medicina (Record no. 151785)

MARC details
000 -LEADER
campo de control de longitud fija 00615nam a22001575i 4500
001 - NÚMERO DE CONTROL
campo de control 151785
003 - IDENTIFICADOR DE NÚMERO DE CONTROL
campo de control ES-MaACL
005 - FECHA Y HORA DE LA ÚLTIMA TRANSACCIÓN
campo de control 20230906204400.0
008 - DATOS DE LONGITUD FIJA--INFORMACIÓN GENERAL
campo de control de longitud fija 051005s1884 sp | |||||||| ||spa d
040 ## - FUENTE DE CATALOGACIÓN
Centro catalogador/agencia de origen CAM
Lengua de catalogación spa
Centro/agencia transcriptor CAM
100 1# - ENTRADA PRINCIPAL--NOMBRE DE PERSONA
Nombre de persona Bejarano y Sánchez, Eloy.
9 (RLIN) 27098
245 13 - MENCIÓN DEL TÍTULO
Título El escepticismo en medicina
Resto del título : (estudio médico-social de actualidad) /
Mención de responsabilidad, etc. por Eloy Bejarano.
260 ## - PUBLICACIÓN, DISTRIBUCIÓN, ETC.
Lugar de publicación, distribución, etc. Madrid :
Nombre del editor, distribuidor, etc. [s.n.],
Fecha de publicación, distribución, etc. 1884 (
Fabricante Imprenta y fundición de Manuel Tello)
300 ## - DESCRIPCIÓN FÍSICA
Extensión 36 p. ;
Dimensiones 25 cm.
852 ## - LOCALIZACIÓN
Ubicación ES-MaACL
Número de control de estantería T-384-F-5
Nota libre -- Enc. hol.
-- -- Dedic. ms. del autor al Ateneo de Madrid
-- -- Enc. en un vol. facticio
Holdings
Estatus retirado Estado de pérdida Estado de daño No para préstamo Colección Biblioteca de origen Biblioteca actual Ubicación en estantería Fecha de adquisición Total de préstamos Signatura topográfica completa Código de barras Visto por última vez Precio de reemplazo Tipo de ítem Koha
        Colección de folletos Biblioteca del Ateneo de Madrid Biblioteca del Ateneo de Madrid Depósito folletos 17/01/2008   T-384-F-5 1158414 23/02/2023 23/02/2023 Folleto